Word Ladder: Shower Time Quiz Stats

 Plays Quiz Updated Jul 10, 2012

Challenge
Share
Tweet
Embed
Score 0/18 Timer 03:00
1 Play Today
Clue Answer % Correct
ApplaudCLAP
96.6%
Open-handed smackSLAP
95.5%
Another term for [first rung]+[last rung]SOAP
93.7%
Felix and Garfield e.g.CATS
92.2%
Miso or chowderSOUP
91.7%
Playstation makerSONY
90.9%
Flutters one's eyelashesBATS
86.2%
Good place to use [first rung]+[last rung]BATH
86.2%
____-chef (second in command)SOUS
85.4%
Clue Answer % Correct
Mama's boysSONS
84.6%
Beds in the barracksCOTS
82.4%
Horse's footfallCLOP
81.4%
Huge partyBASH
81.4%
Dove soundsCOOS
78.8%
Home for Foghorn LeghornCOOP
75.4%
With [first rung], something you use to clean yourselfWASH
70.4%
Like someone who is malnourishedBONY
69%
With [last rung], something you use to clean yourselfBODY
46.4%

Today's Daily Dose

You're not logged in!

Compare scores with friends on all Sporcle quizzes.
Join for Free
OR
Log In

You Might Also Like...

Show Comments

Extras

Top Quizzes Today


Score Distribution

Your Account Isn't Verified!

In order to create a playlist on Sporcle, you need to verify the email address you used during registration. Go to your Sporcle Settings to finish the process.

Report this User

Report this user for behavior that violates our Community Guidelines.

Details: